Statistiques concernant Incollable #27 - Loisir

Cliquez ici pour prendre le quiz!

Statistiques générales

  • Ce quiz a été pris 286 fois
  • Le résultat moyen est 8 sur 12

Statistiques - réponses

NiveauxQuestionsRéponses% Correct
CE1Dans un trio, combien y a-t-il de musicien ?Trois
99%
CE2Mon premier est un animal dont la tête est surmontée de bois.
Mon second permet de diriger une voiture.
On fait voler mon tout dans le ciel.
Le cerf-volant
96%
CollègeAu bowling, comment appelle-t-on le fait de faire tomber toutes les quilles du premier coup ?Un strike
93%
CM1Au cinéma, comment appelle-t-on un film sans paroles ?Un film muet
89%
CM2Dans quelle ville américaine vit Spiderman ?New-York
75%
CM1Dans Harry Potter et la pierre philosophale, comment s’appelle le directeur de Poudlard ?Le professeur Dumbledore
73%
CPDans la chanson de Noël, qui est le roi de la forêt ?Le sapin
69%
CollègeEn 2008, qu’elle chanteuse américaine a interprété I Kissed a Girl ?Katy Perry
68%
CM2Comment appelle-t-on les paragraphes dans une poésie ?Des strophes | des stances
56%
CE1Dans quel jeu doit-on reconnaître une personne les yeux bandés ?Colin-maillard
54%
LycéeQui est l’auteur de la photographie Le Baiser de l’hôtel de ville en 1950 ?Robert Doisneau
15%
LycéeDe quel roman d’Alexandre Dumas publie en 1848, Giuseppe Verdi s’inspire-t-il en 1853 pour composer La Traviata ?De La Dame aux camélias
6%

Distribution des résultats

Percentile par nombre de réponses

% des personnes avec chaque résultat

Votre développement - résultats

Vous n’avez pas pris ce quiz